| 000 | 01425cam a2200349 a 4500 | ||
|---|---|---|---|
| 001 | 13575628 | ||
| 005 | 20170105102919.0 | ||
| 008 | 040428s2003 enkab b 001 0 eng d | ||
| 010 | _a 2004271183 | ||
| 015 | _aGBA3-X2673 | ||
| 020 | _a1860649343 | ||
| 035 | _a(OCoLC)ocm52231636 | ||
| 040 |
_aUKM _cUKM _dOCLCQ _dJ2H _dMIA _dOCLCQ _dDLC |
||
| 042 | _alccopycat | ||
| 050 | 0 | 0 |
_aHD1698.M53 _bS35 2003 |
| 082 | 0 | 4 |
_a363.610956 _221 |
| 100 | 1 |
_aSelby, Jan, _d1972- |
|
| 245 | 1 | 0 |
_aWater, power and politics in the Middle East : _bthe other Israeli-Palestinian conflict / _cJan Selby. |
| 260 |
_aLondon : _bI.B. Tauris, _c2003. |
||
| 300 |
_axii, 275 p. : _bill., maps ; _c24 cm. |
||
| 440 | 0 |
_aLibrary of modern Middle East studies ; _vv. 25 |
|
| 504 | _aIncludes bibliographical references (p. 241-264) and index. | ||
| 650 | 0 |
_aWater-supply _zMiddle East. |
|
| 650 | 0 |
_aWater-supply _xPolitical aspects _zMiddle East. |
|
| 650 | 0 |
_aWater rights _zMiddle East. |
|
| 856 | 4 | 2 |
_3Contributor biographical information _uhttp://www.loc.gov/catdir/bios/hol053/2004271183.html |
| 856 | 4 | 2 |
_3Publisher description _uhttp://www.loc.gov/catdir/description/hol054/2004271183.html |
| 856 | 4 | 1 |
_3Table of contents _uhttp://www.loc.gov/catdir/toc/fy044/2004271183.html |
| 906 |
_a7 _bcbc _ccopycat _d2 _encip _f20 _gy-gencatlg |
||
| 942 |
_2ddc _cBK |
||
| 999 |
_c15474 _d15474 |
||